书目信息 |
| 题名: |
明代实学教育思想与论著选读
|
|
| 作者: | 冯克诚 总主编 | |
| 分册: | 上 | |
| 出版信息: | 北京 人民武警出版社 2010 |
|
| 页数: | 308页 | |
| 开本: | 23cm | |
| 丛书名: | 教师必读文库 | |
| 单 册: | ||
| 中图分类: | G40-092.48 | |
| 科图分类: | ||
| 主题词: | 实学--教育思想--研究--中国--明代 , 实学 , 教育思想 | |
| 电子资源: | ||
| ISBN: | 978-7-80176-466-9 | |
| 000 | 01183oam2 2200277 45 | |
| 001 | 1237586169 | |
| 005 | 20120618100525.71 | |
| 010 | @a978-7-80176-466-9@dCNY39.80 (79.60 全2册) | |
| 100 | @a20120408d2010 em y0chiy50 ea | |
| 101 | 0 | @achi |
| 102 | @aCN@b110000 | |
| 105 | @ay z 000yy | |
| 106 | @ar | |
| 200 | 1 | @a明代实学教育思想与论著选读@AMing Dai Shi Xue Jiao Yu Si Xiang Yu Lun Zhu Xuan Dou@h上@HShang@f冯克诚总主编@FFeng Ke Cheng Zong Zhu Bian |
| 210 | @a北京@c人民武警出版社@d2010 | |
| 215 | @a308页@d23cm | |
| 225 | 2 | @a教师必读文库@i中国教育名家名著精读丛书 |
| 330 | @a本书主要内容包括:(明)朱之瑜(1600年-1682年) 实学教育思想与教育论著选读;(明)陈确(1604年-1677年) 实学教育思想与教育论著选读;(明)王廷相(1474年-1544年)(明)罗钦顺(1465年-1547年) 实学教育思想与教育论著选读;(明)方以智(1611年-1671年)(明)徐光启(1562年-1633年) 科学教育思想与教育论著选读等。 | |
| 461 | 0 | @12001 @a教师必读文库@i中国 教育名家名著精读丛书 |
| 606 | 0 | @a实学@x教育思想@x研究@y中国@z明代 |
| 606 | 0 | @a实学 |
| 606 | 0 | @a教育思想 |
| 690 | @aG40-092.48@v4 | |
| 701 | 0 | @a冯克诚@AFeng Ke Cheng@4总主编 |
| 801 | 0 | @aCN@bTSTCL@c20120604 |
| 905 | @b0816979-82@dG40-092.48@e587:1@f4 | |
| 明代实学教育思想与论著选读.上/冯克诚总主编.-北京:人民武警出版社,2010 |
| 308页;23cm.-(教师必读文库.中国教育名家名著精读丛书) |
| ISBN 978-7-80176-466-9:CNY39.80 (79.60 全2册) |
| 本书主要内容包括:(明)朱之瑜(1600年-1682年) 实学教育思想与教育论著选读;(明)陈确(1604年-1677年) 实学教育思想与教育论著选读;(明)王廷相(1474年-1544年)(明)罗钦顺(1465年-1547年) 实学教育思想与教育论著选读;(明)方以智(1611年-1671年)(明)徐光启(1562年-1633年) 科学教育思想与教育论著选读等。 |
| ● |
| 相关链接 |
|
|
|
|
正题名:明代实学教育思想与论著选读
索取号:G40-092.48/587:1
 
预约/预借
| 序号 | 登录号 | 条形码 | 馆藏地/架位号 | 状态 | 备注 |
| 1 | 0816979 | 208169792 | 第一样本阅览室/ [索取号:G40-092.48/587:1] | 在馆 | |
| 2 | 0816980 | 208169809 | 第四借阅区/ [索取号:G40-092.48/587:1] | 在馆 | |
| 3 | 0816981 | 208169818 | 第四借阅区/ [索取号:G40-092.48/587:1] | 在馆 | |
| 4 | 0816982 | 208169827 | 第四借阅区/ [索取号:G40-092.48/587:1] | 在馆 |